000 01143nam a22003137a 4500
003 CHAP
005 20220329140104.0
008 971013s1974 r 10010 d
010 _a46777
011 _a47749
035 _a51892
040 _cCHAP
090 _aFolleto 3248
111 0 0 _aReunión Nacional sobre Inventario Forestal Contínuo (
_n3
_d: 1974
_c: Oaxaca, Oax.)
_996569
245 _aProgramación de trabajo derivados de la implementación de la IFC en los bosques de la unidad en apoyo de su proyecto general de ordenación forestal
260 _aSan Rafael, Méx. :
_bUnidad Industrial Forestal de San Rafael,
_c1974
300 _a15 p.
490 _aBoletín
_v; 4
590 _aBATCH-UPD
_b10
_c20130110
_lUCH01
_h0901
590 _aBATCH-UPD
_b10
_c20130410
_lUCH01
_h0530
590 _aBATCH-UPD
_b10
_c20130914
_lUCH01
_h0651
590 _aCONVERSION
_b10
_c20130109
_lUCH01
_h1326
650 1 4 _aBosques
_xAdministración.
_914003
650 1 4 _aBosques
_xInventarios
_xMéxico (Edo.)
_914260
830 0 _aBoletín
_v; 4
_913507
901 _aBK
942 _cFOLL
949 _aFolleto 3248
_bBC
_cFOLL
_d-115897
_eTS1
_i51892
_si
999 _c46777
_d46777